| 000 | 00448nam a2200169 a 4500 | ||
|---|---|---|---|
| 001 | 1666 | ||
| 005 | 20140414131909.0 | ||
| 008 | 000821s19uu xx 00 eng d | ||
| 050 |
_aER _bB35 1975 |
||
| 100 | _aWhitney, Alma | ||
| 245 |
_aBeing me / _cAlma Whitney. |
||
| 260 |
_aNew York : _bMacmillan, _c1975. |
||
| 300 | _a111 p. ; cm. | ||
| 440 | _aThe New MAcmillan Reading Program Series-level 10 | ||
| 650 | _aReading. | ||
| 999 |
_c111121 _d111121 |
||